Analyses of rocks of the Province of Quebec / (Record no. 29677)

MARC details
000 -LEADER
fixed length control field 00878cam a22002531 4500
001 - CONTROL NUMBER
control field gs 63000075
003 - CONTROL NUMBER IDENTIFIER
control field DLC
005 - DATE AND TIME OF LATEST TRANSACTION
control field 20260227111412.0
008 - FIXED-LENGTH DATA ELEMENTS--GENERAL INFORMATION
fixed length control field 780509s1962 xx s000 0 eng
010 ## - LIBRARY OF CONGRESS CONTROL NUMBER
LC control number gs 63000075
035 ## - SYSTEM CONTROL NUMBER
System control number (OCoLC)3878327
040 ## - CATALOGING SOURCE
Original cataloging agency DLC
Transcribing agency MeU-P
Modifying agency MeU-P
-- DLC
042 ## - AUTHENTICATION CODE
Authentication code premarc
050 00 - LIBRARY OF CONGRESS CALL NUMBER
Classification number QE193
Item number .A3 no. 103
100 1# - MAIN ENTRY--PERSONAL NAME
Personal name Faessler, Carl,
Dates associated with a name 1895-
245 10 - TITLE STATEMENT
Title Analyses of rocks of the Province of Quebec /
Statement of responsibility, etc. compiled by C. Faessler.
260 ## - PUBLICATION, DISTRIBUTION, ETC.
Place of publication, distribution, etc. Quebec :
Name of publisher, distributor, etc. Province of Quebec, Dept. of Natural Resources,
Date of publication, distribution, etc. 1962.
300 ## - PHYSICAL DESCRIPTION
Extent iv, 251 p. ;
Dimensions 24 cm.
490 1# - SERIES STATEMENT
Series statement Québec (Province). Dept. of Natural Resources. Geological report ;
Volume/sequential designation 103
500 ## - GENERAL NOTE
General note Includes index.
650 #0 - SUBJECT ADDED ENTRY--TOPICAL TERM
Topical term or geographic name entry element Petrology
Geographic subdivision Québec (Province)
650 #0 - SUBJECT ADDED ENTRY--TOPICAL TERM
Topical term or geographic name entry element Rocks
General subdivision Analysis.
810 10 - SERIES ADDED ENTRY--CORPORATE NAME
Corporate name or jurisdiction name as entry element Québec (Province).
Subordinate unit Department of Natural Resources.
Title of a work Geological report ;
Volume/sequential designation 103.

No items available.

Powered by Koha